[Event "Provence-ch 0607"]
[Site "Provence"]
[Date "2007.04.14"]
[Round "7"]
[White "Jean, Claude"]
[Black "Milesi, Laurent"]
[Result "1-0"]
[WhiteElo "2087"]
[BlackElo "2201"]
[PlyCount "49"]
[EventDate "2007.01.27"]
[EventType "tourn"]
[EventRounds "9"]
[EventCountry "FRA"]
[SourceTitle "EXT 2008"]
[Source "ChessBase"]
[SourceDate "2007.11.25"]
[SourceVersion "1"]
[SourceVersionDate "2007.11.25"]
[SourceQuality "1"]

1. d4 b6 2. c4 Bb7 3. Nc3 e6 4. a3 f5 5. Nf3 Nf6 6. Bg5 Be7 7. e3 0-0 8. Qc2 Qe8 9. 0-0-0 d6 10. d5 Qg6 11. h4 h6 12. h5 Qf7 13. dxe6 Qxe6 14. Nd4 Qd7 15. Bh4 Ne4 16. Bxe7 Qxe7 17. Nd5 Qf7 18. Bd3 Nd7 19. f3 Ng3 20. Rh3 Bxd5 21. cxd5 f4 22. Ne6 Ne5 23. Bh7+ Kh8 24. exf4 Ne2+ 25. Qxe2 1-0

[Event "FRA-chT3 Gr01 0607"]
[Site "France"]
[Date "2007.04.01"]
[Round "9.3"]
[White "Rouchouse, Stevens"]
[Black "Milesi, Laurent"]
[Result "1-0"]
[WhiteElo "2193"]
[BlackElo "2104"]
[PlyCount "93"]
[EventDate "2006.10.15"]
[EventType "team"]
[EventRounds "9"]
[EventCountry "FRA"]
[SourceTitle "EXT 2008"]
[Source "ChessBase"]
[SourceDate "2007.11.25"]
[SourceVersion "1"]
[SourceVersionDate "2007.11.25"]
[SourceQuality "1"]

1. e4 c5 2. Nf3 e6 3. d4 cxd4 4. Nxd4 a6 5. c4 Nf6 6. Nc3 Qc7 7. Be3 d6 8. Rc1 Be7 9. Be2 Nbd7 10. 0-0 b6 11. f4 Bb7 12. Bf3 Rc8 13. b3 Qb8 14. Bf2 h6 15. f5 e5 16. Nde2 g5 17. fxg6 fxg6 18. Be3 Nc5 19. Ng3 h5 20. Nd5 Bxd5 21. exd5 h4 22. Nh1 Kf7 23. b4 Ncd7 24. Bg4 Kg7 25. Bg5 Rce8 26. Be6 Rh5 27. Bxf6+ Nxf6 28. g4 hxg3 29. Nxg3 Rh4 30. Rc2 Reh8 31. Rg2 Kf8 32. Qc2 R8h6 33. Ne4 Rf4 34. Nxf6 Bxf6 35. Rxg6 Rxg6+ 36. Qxg6 Qe8 37. Qh6+ Ke7 38. Rxf4 exf4 39. Qh7+ Kd8 40. Qf7 Bc3 41. Qb7 Bd4+ 42. Kf1 a5 43. bxa5 Qa4 44. Qc8+ Ke7 45. Qc7+ Ke8 46. Qf7+ Kd8 47. Qf8+ 1-0

[Event "Provence-ch 0607"]
[Site "Provence"]
[Date "2007.03.25"]
[Round "4"]
[White "Deleau, Denis"]
[Black "Milesi, Laurent"]
[Result "0-1"]
[WhiteElo "2109"]
[BlackElo "2087"]
[PlyCount "74"]
[EventDate "2007.01.27"]
[EventType "tourn"]
[EventRounds "9"]
[EventCountry "FRA"]
[SourceTitle "EXT 2008"]
[Source "ChessBase"]
[SourceDate "2007.11.25"]
[SourceVersion "1"]
[SourceVersionDate "2007.11.25"]
[SourceQuality "1"]

1. e4 b6 2. d4 Bb7 3. Nd2 e6 4. Ngf3 d5 5. Bd3 c5 6. c3 Nf6 7. e5 Nfd7 8. Qe2 Nc6 9. a3 Qc7 10. 0-0 Be7 11. b4 g5 12. Qe3 h6 13. h3 0-0-0 14. Bb2 c4 15. Bc2 Rdg8 16. Nh2 h5 17. Bd1 Nd8 18. f4 f6 19. Ba4 Bc6 20. Bxc6 Qxc6 21. f5 fxe5 22. dxe5 exf5 23. Rxf5 Ne6 24. Rf7 Bd8 25. Ndf3 g4 26. hxg4 hxg4 27. Nd4 Nxd4 28. cxd4 Qe6 29. Raf1 Kb8 30. g3 Rh3 31. R1f2 Rgh8 32. Nf1 Qg6 33. Rxd7 Rh1+ 34. Kg2 Qh5 35. Rxd8+ Rxd8 36. Rf4 Qh3+ 37. Kf2 Qxf1# 0-1

[Event "Bouches du Rhone op 0607"]
[Site "Bouches du Rhone"]
[Date "2007.02.03"]
[Round "5"]
[White "Milesi, Laurent"]
[Black "Anton, Jose"]
[Result "1-0"]
[WhiteElo "2110"]
[BlackElo "1977"]
[PlyCount "77"]
[EventDate "2006.10.21"]
[EventType "swiss"]
[EventRounds "9"]
[EventCountry "FRA"]
[SourceTitle "EXT 2008"]
[Source "ChessBase"]
[SourceDate "2007.11.25"]
[SourceVersion "1"]
[SourceVersionDate "2007.11.25"]
[SourceQuality "1"]

1. e4 c5 2. Nf3 Nc6 3. Nc3 Nf6 4. Bb5 Nd4 5. e5 Nxb5 6. Nxb5 Nd5 7. Ng5 e6 8. Ne4 f6 9. 0-0 Be7 10. c4 Nf4 11. d4 fxe5 12. Bxf4 exf4 13. Qh5+ g6 14. Nbd6+ Kf8 15. Qe5 Rg8 16. Qxf4+ Kg7 17. Qe5+ Bf6 18. Nxf6 Qxf6 19. Qxc5 b6 20. Qe5 Ba6 21. b4 Rab8 22. a4 Bb7 23. a5 Bc6 24. axb6 axb6 25. b5 Qxe5 26. dxe5 Ba8 27. Ra7 Rgd8 28. Rd1 Kf8 29. Rd4 Ke7 30. f3 Rf8 31. Kf2 g5 32. Ke3 h5 33. Ne4 Rb7 34. Rxb7 Bxb7 35. Nxg5 Rg8 36. h4 Ra8 37. Rd6 Ra4 38. Rxb6 Ba8 39. Rb8 1-0

[Event "Bouches du Rhone op 0607"]
[Site "Bouches du Rhone"]
[Date "2007.01.13"]
[Round "4"]
[White "Milesi, Laurent"]
[Black "Robe, Pierre"]
[Result "1-0"]
[WhiteElo "2110"]
[BlackElo "1830"]
[PlyCount "61"]
[EventDate "2006.10.21"]
[EventType "swiss"]
[EventRounds "9"]
[EventCountry "FRA"]
[SourceTitle "EXT 2008"]
[Source "ChessBase"]
[SourceDate "2007.11.25"]
[SourceVersion "1"]
[SourceVersionDate "2007.11.25"]
[SourceQuality "1"]

1. e4 c6 2. d4 d5 3. Nd2 dxe4 4. Nxe4 Bf5 5. Ng3 Bg6 6. h4 h6 7. Nf3 Nd7 8. h5 Bh7 9. Bd3 Bxd3 10. Qxd3 e6 11. Bd2 Ngf6 12. 0-0-0 Bd6 13. Ne4 Nxe4 14. Qxe4 Nf6 15. Qe2 Qc7 16. g3 0-0-0 17. c4 c5 18. Bc3 Rhe8 19. Ne5 b5 20. cxb5 cxd4 21. Rxd4 Bxe5 22. Rc4 Bxc3 23. Rxc7+ Kxc7 24. bxc3 Rd6 25. Rd1 Nd5 26. Qe5 f6 27. Qd4 Kb8 28. c4 Rc8 29. Kb2 e5 30. Qd3 e4 31. Qd4 1-0